| 000 | 01669nam a22001577a 4500 | ||
|---|---|---|---|
| 999 |
_c522555 _d522555 |
||
| 008 | 230421b ||||| |||| 00| 0 eng d | ||
| 100 |
_aMishra, Rapti _940142 |
||
| 245 | _aLand and social power relations in Bihar: Tale of two villages | ||
| 260 | _aIndian Journal of Public Administration | ||
| 300 | _a69(1), Mar, 2023: p.176-187 | ||
| 520 | _aThere is a complex relationship between land and the network of social power in Bihar, which cannot be comprehended by a single lens. This article argues that depending upon the historical and local contexts of a place, various patterns of social power configurations evolve, which present an opportunity for theorists to move beyond the established set of narrations and broaden their lenses, thereby challenging the conformity and reposing trust in variations based on day-to-day experiences. To highlight this varied pattern of complex relations between the network of social power and its historical linkages, the article tries to look into the local narratives of land relations of two villages of Samastipur district in Bihar, namely Shri Kameshwar Nagar and Banda. Through critical discourse analysis (CDA), the article attempts to illustrate that the shifting politico-economic status is intrinsically related to complex land relations, which, in turn, reinforces and perpetuates social inequality in various ways, and therefore, there is a need to have greater insight on the local histories of the land-relations.- Reproduced | ||
| 650 |
_aBihar Land, Bonded labour, Social power, Local narrative. _937824 |
||
| 773 | _aIndian Journal of Public Administration | ||
| 906 | _aSOCIAL POWER | ||
| 942 | _cAR | ||